Представление документа в формате RUSMARC

ПолеНазваниеЗначение
  Тип записи a
  Библиографический уровень a
001 Контрольный номер RU/CBS_UL/BASE/7dbc63c6ec1749b0a9c548524165adfe
005 Дата корректировки 20250123004006.2
100 Данные общей обработки __
a Данные общей обработки 20230207 ||| 0rusy0189 ca
101 Язык документа 0_
a Язык текста rus
102 Страна публикации __
a Страна публикации RU
200 Заглавие и сведения об ответственности 1_
a Заглавие Волшебные места планеты
e Сведения, относящиеся к заглавию [прогулка по таинственным местам Земли]
300 Общие примечания __
a Общие примечания 6+
461 Уровень набора _0
1 2000
a Глобус
463 Уровень физической единицы _0
1 2000
a № 10
v С. 10-11 : фото
1 2101
d 2022
1 001RU/CBS_UL/BASE/3b53991441f04c73919e29a8b1d235c2
606 Тематические рубрики 0_
a Основная рубрика Земля - Таинственные места
610 Ключевые слова 0_
a Ключевые слова таинственные места
610 Ключевые слова 0_
a Ключевые слова необычные дома
610 Ключевые слова 0_
a Ключевые слова озёра
610 Ключевые слова 0_
a Ключевые слова Ретба (озёра)
610 Ключевые слова 0_
a Ключевые слова скалы
610 Ключевые слова 0_
a Ключевые слова Пасхи (острова)
610 Ключевые слова 0_
a Ключевые слова каменные истуканы
610 Ключевые слова 0_
a Ключевые слова моаи (каменные статуи)
686 Индексы других классификаций __
a Классификационный индекс 26.8
2 Код системы ББК
801 Источник записи _0
a Страна RU
b Организация МБУК ЦБС г. Ульяновска
c Дата составления 20230207
g Правила каталогизации RCR
801 Источник записи _1
a Страна RU
b Организация МБУК ЦБС г. Ульяновска
c Дата составления 20230207
g Правила каталогизации RCR
901 Тип документа __
t Тип документа f
w Контрольный № источника RU/CBS_UL/BASE/3b53991441f04c73919e29a8b1d235c2